Mémoires de Jacques de Morgan (1857-1924) : directeur général des Antiquités égyptiennes, délegué général de la Délégation scientifique en Perse : souvenirs d'un archéologue /

محفوظ في:

المؤلف الرئيسي: Morgan, J. de 1857-1924 (مؤلف)

مؤلفون آخرون: Jaunay, Andrée.

التنسيق: كتاب

اللغة: French

منشور في: Paris : L'Harmattan, c1997.

الموضوعات:

الوسوم: إضافة وسم

لا توجد وسوم, كن أول من يضع وسما على هذه التسجيلة!

رقم الطلب: CC115 .M57 M4 1997

LEADER 01101namaa2200289 4500
001 23465
003 OSt
005 20251030131753.0
008 130303s1997 fr ab b 000 0afre d
010 |a 98115184 
020 |a 2738457983 
040 |c ARCE Library 
043 |a e-fr---  |a aw----- 
050 4 |a CC115 .M57 M4 1997 
100 1 |a Morgan, J. de  |q (Jacques),  |d 1857-1924,  |e author 
245 1 0 |a Mémoires de Jacques de Morgan (1857-1924) :  |b directeur général des Antiquités égyptiennes, délegué général de la Délégation scientifique en Perse : souvenirs d'un archéologue /  |c publiés par Andrée Jaunay ; préface de Jean Perrot. 
246 3 0 |a Souvenirs d'un archéologue. 
264 1 |a Paris :  |b L'Harmattan,  |c c1997. 
300 |a 551 pages :   |b illustrations, maps ;   |c 25 cm. 
504 |a Includes bibliographical references. 
600 1 0 |a Morgan, J. de,   |q (Jacques),   |d 1857-1924. 
650 0 |a Archaeologists  |z France  |v Biography. 
650 0 |a Archaeologists  |z Middle East  |v Biography. 
700 1 |a Jaunay, Andrée.  |9 33193 
901 |a reviewed 
942 |c BK  |2 lcc 
999 |c 23525  |d 23525